01209nam a2200361 i 450000100060000000300090000600500170001500800390003201500160007102000150008704000280010204600090013008000130013908000090015224501300016125000220029126000500031330000310036333600270039433700540042133800280047538000160050338800140051938800140053365000220054765100110056965500170058065800370059770000420063470000430067671000300071985600980074953099KOSZ 00520221006103027.0980210s1998 pl f f |000 0 pol aPB 1998/865 a8386702354 aWA NcWA NdKOSZ 005/HR k1998 a346(438) a(07)00aPrawo gospodarcze :bzagadnienia administracyjnoprawne /cCezary Banasiński [et al.] ; pod red. nauk. Marka Wierzbowskiego. aWyd. 1, (dodruk). aWarszawa :bWydawnictwa Prawnicze PWN,c1998. a[2], 264, [2] s. ;c24 cm. 2rdacontentaTekstbtxt 2rdamediaaBez urządzenia pośredniczącegobn 2rdacarrieraWoluminbnc aKsiążki a1901-2000 a1989-2000 4aPrawo gospodarcze aPolska 4aPodręcznik aPrawo i wymiar sprawiedliwości1 aBanasiński, Cezaryd(1953- )eAutor1 aWierzbowski, Marekd(1946- )eRedakcja2 aWydawnictwa Prawnicze PWN uhttp://koha.tu.koszalin.pl/cgi-bin/koha/opac-detail.pl?biblionumber=53099yKatalog online BPK